Q-Anon - egy funkcionalista vallástudományi megközelítés [absztrakt] /

Elmentve itt :
Bibliográfiai részletek
Szerző: Nemes Márk
Testületi szerző: Interdiszciplináris Vallástudományi Hallgatói Konferencia (4.)
Dokumentumtípus: Könyv része
Megjelent: Szegedi Tudományegyetem Bölcsészet- és Társadalomtudományi Kar Vallástudományi Tanszék Szeged 2022
Sorozat:Interdiszciplináris vallástudományi hallgatói konferencia : absztrakt kötet 4
Kulcsszavak:Vallásszociológia - előadáskivonat, Vallástudomány - előadáskivonat
Tárgyszavak:
Online Access:http://acta.bibl.u-szeged.hu/77458
LEADER 01158naa a2200241 i 4500
001 acta77458
005 20221129154226.0
008 221129s2022 hu o 1|| hun d
020 |a 978-963-306-864-9 
040 |a SZTE Egyetemi Kiadványok Repozitórium  |b hun 
041 |a hun 
100 1 |a Nemes Márk 
245 1 0 |a Q-Anon - egy funkcionalista vallástudományi megközelítés   |h [elektronikus dokumentum] :  |b [absztrakt] /  |c  Nemes Márk 
260 |a Szegedi Tudományegyetem Bölcsészet- és Társadalomtudományi Kar Vallástudományi Tanszék  |b Szeged  |c 2022 
300 |a 45 
490 0 |a Interdiszciplináris vallástudományi hallgatói konferencia : absztrakt kötet  |v 4 
650 4 |a Társadalomtudományok 
650 4 |a Szociológia 
650 4 |a Bölcsészettudományok 
650 4 |a Filozófia, etika és vallástudományok 
695 |a Vallásszociológia - előadáskivonat, Vallástudomány - előadáskivonat 
711 |a Interdiszciplináris Vallástudományi Hallgatói Konferencia (4.)  |c Szeged  |d 2022. április 22-23. 
856 4 0 |u http://acta.bibl.u-szeged.hu/77458/1/2022_iv_interdiszciplinaris_vallastudomanyi_konf_045.pdf  |z Dokumentum-elérés